| 000 | 00542nam a2200157 4500 | ||
|---|---|---|---|
| 999 |
_c55195 _d55195 |
||
| 008 | 200114b ||||| |||| 00| 0 eng d | ||
| 020 | _a9780801036040 | ||
| 050 |
_aBS2397 _b.S46 2009 |
||
| 100 | _a Schnelle, Udo. | ||
| 245 |
_aTheology of the New Testament / _cUdo Schnelle ; translated by M. Eugene Boring. |
||
| 260 |
_aGrand Rapids, Mich. : _bBaker Academic, _c2009. |
||
| 300 |
_a910 p. ; _c24 cm. |
||
| 500 | _aIncludes bibliographical references and indexes. | ||
| 650 |
_aBible. New Testament _xTheology. |
||
| 942 |
_2lcc _cBK |
||